¿Juventud o juventudes? Versiones, trampas, pistas y ejes para acercarnos progresivamente a los mundos juveniles /
Saved in:
| Main Author: | |
|---|---|
| Format: | Text |
| Subjects: | |
| Tags: |
Add Tag
No Tags, Be the first to tag this record!
|
MARC
| LEADER | 00000 a a2200000 04500 | ||
|---|---|---|---|
| 001 | 11946 | ||
| 003 | |||
| 040 | |||
| 100 | |a Duarte Quapper, Klaudio | ||
| 245 | |a ¿Juventud o juventudes? Versiones, trampas, pistas y ejes para acercarnos progresivamente a los mundos juveniles / |c Klaudio Duarte Quapper | ||
| 650 | |a JUVENTUD | ||
| 650 | |a IDENTIDAD CULTURAL | ||
| 650 | |a ESTILOS DE VIDA | ||
| 650 | |a COMPORTAMIENTO SOCIAL | ||
| 650 | |a METODOLOGIA | ||
| 650 | |a TEORIA | ||
| 773 | |g número 93; páginas 14-25 | ||
| 999 | |c 30846 |d 30846 | ||
| 773 | 0 | |0 41641 |9 2528 |a Departamento Ecuménico de Investigaciones (DEI) |d San José, Costa Rica Departamento Ecuménico de Investigaciones (DEI) |o 20168 |t Pasos / | |
